000
00252nam a2200109Ia 4500
008
190914s9999||||xx |||||||||||||| ||und||
100
_a
Amely Ludong
245
0
_a
Dastan-e-Nepoleon
260
_a
Lahore
_b
Fiction House
_c
2003
300
_a
607
942
_c
BK
999
_c
8989
_d
8989